An Introduction to fluid dynamics : Principles of analysis and design

This textbook provides more than sufficient material to support a one-semester course in fluid dynamics; for curricula that present fluid dynamics in a single quarter, there is an abundance of teaching material.

Sparad:
Bibliografiska uppgifter
Huvudupphovsman: Middleman, Stanley
Materialtyp: Bok
Språk:Undetermined
Publicerad: New York John Wiley and Sons 1998
Ämnen:
Taggar: Lägg till en tagg
Inga taggar, Lägg till första taggen!
Thư viện lưu trữ: Trung tâm Học liệu Trường Đại học Cần Thơ
LEADER 00799nam a2200217Ia 4500
001 CTU_33337
008 210402s9999 xx 000 0 und d
082 |a 620.106 
082 |b M629 
100 |a Middleman, Stanley 
245 3 |a An Introduction to fluid dynamics : 
245 0 |b Principles of analysis and design 
245 0 |c Stanley Middleman 
260 |a New York 
260 |b John Wiley and Sons 
260 |c 1998 
520 |a This textbook provides more than sufficient material to support a one-semester course in fluid dynamics; for curricula that present fluid dynamics in a single quarter, there is an abundance of teaching material. 
650 |a Fluid dynamics 
650 |x Mathematical models 
904 |i Qhieu 
980 |a Trung tâm Học liệu Trường Đại học Cần Thơ